000 00714nam a2200217 i 4500
001 50515
003 ES-MaACL
005 20250904002320.0
007 t|
008 030805s1958 sp |||| | spa d
100 1 _aChabás, Roque.
_937725
245 1 0 _aHistoria de la ciudad de Denia /
_cRoque Chabás ; prologada y anotada por Francisco Figueras Pacheco.
250 _a2ª ed.
260 _aAlicante :
_bInstituto de Estudios Alicante,
_c1958.
300 _a2 v. ;
_c21 cm.
651 4 _aDenia (Alicante)-
_xHistoria.
_98131
700 1 _aFigueras Pacheco, Francisco,
_d1880-1960
_950766
710 2 _aInstituto de Estudios Alicantinos.
_94886
852 _aES-MaACL
_jC-15757-58
999 _c50515
_d50515